Statistics for Which US State?

Click here to take the quiz!

General Stats

  • This quiz has been taken 13 times
  • The average score is 7 of 15

Answer Stats

QuestionAnswer% Correct
Which state has the highest per capita population of African-Americans?Mississippi
92%
Which of these states was NOT formerly an independent country?Alaska
75%
Which state does NOT have a capital beginning with the letter B?South Dakota
75%
Which of these states does NOT have a wild population of grizzly bears?Utah
67%
Which state has been the birthplace of the most presidents?Virginia
67%
Which of these states DOES have a wild population of alligators?Arkansas
58%
Which of these states is worth the fewest votes in the Electoral College?Colorado
58%
Which of these states was not one of the original Thirteen Colonies?Maine
58%
Which of these states borders the highest number of other states?Missouri
33%
Which state is home to the most Fortune 500 companies?New York
25%
Which of these states was the most recent to achieve statehood?Utah
25%
Which state has the highest per capita population of Muslims?Illinois
17%
Which state was the birthplace of President Ronald Reagan?Illinois
17%
Which of these states was NOT the site of any Civil War battles?Nebraska
17%
Which of these states permits the open carrying of firearms?New Hampshire
0%

Score Distribution

Percentile by Number Answered

Percent of People with Each Score

Your Score History

You have not taken this quiz